00412 2200157 4500001002100000005001500021035002000036007000300056008003900059082000700098084001300105100001300118245006300131260004500194990001500239INLIS00000000000491020250110104952 a0010-0125000617ta250110 | | |  a71 a71 HAR p0 aHariyadi1 aPola Distribusi Narkotika Di Kalimantan Tengah /cHariyadi aPalangkaraya :bPerpustakaan UMPR,c2020 a1971022337